000 00232nam a22000857a 4500
008 161102b xxu||||| |||| 00| 0 eng d
100 _91015
_aMoore.P.
245 _aSeary Ghosts Stories to Thrill you
260 _aNew Delhi
_bMaanuGraph
_c2012
999 _c3675
_d3675